[Event "Spijkenisse op-B 3rd"]
[Site "Spijkenisse"]
[Date "2013.10.27"]
[Round "6"]
[White "Jolly, Mark"]
[Black "Brokaar, Jaap"]
[Result "1/2-1/2"]
[WhiteElo "1473"]
[BlackElo "1578"]
[PlyCount "21"]
[EventDate "2013.10.25"]
[EventType "swiss"]
[EventRounds "6"]
[EventCountry "NED"]
[SourceTitle "EXT 2014"]
[Source "ChessBase"]
[SourceDate "2013.11.20"]
[SourceVersion "1"]
[SourceVersionDate "2013.11.20"]
[SourceQuality "1"]

1. d4 Nf6 2. Nc3 e6 3. e4 Bb4 4. Bd3 d5 5. e5 Nfd7 6. Qg4 g6 7. Bg5 Be7 8. Bh6 f5 9. exf6 Nxf6 10. Qg3 Nh5 11. Bxg6+ 1/2-1/2

[Event "Spijkenisse op-B 3rd"]
[Site "Spijkenisse"]
[Date "2013.10.26"]
[Round "2"]
[White "Brokaar, Jaap"]
[Black "Van Soest, Peter"]
[Result "0-1"]
[WhiteElo "1578"]
[BlackElo "1364"]
[PlyCount "103"]
[EventDate "2013.10.25"]
[EventType "swiss"]
[EventRounds "6"]
[EventCountry "NED"]
[SourceTitle "EXT 2014"]
[Source "ChessBase"]
[SourceDate "2013.11.20"]
[SourceVersion "1"]
[SourceVersionDate "2013.11.20"]
[SourceQuality "1"]

1. e4 d6 2. d4 Nf6 3. Nc3 g6 4. Nf3 Bg7 5. Bc4 0-0 6. 0-0 c6 7. a3 b5 8. Bd3 a6 9. Re1 Nfd7 10. Be3 e5 11. dxe5 Nxe5 12. Nxe5 dxe5 13. b4 Be6 14. Qe2 Nd7 15. Rad1 Qc7 16. Nb1 c5 17. c3 Rfd8 18. Rd2 Bf8 19. Red1 Nb6 20. Bg5 Be7 21. Bxe7 Qxe7 22. Bc2 Nc4 23. Rxd8+ Rxd8 24. Rxd8+ Qxd8 25. bxc5 Qc7 26. Bb3 Qxc5 27. Bxc4 Bxc4 28. Qb2 Qd6 29. Qd2 Qe7 30. g3 Kg7 31. Qe3 Qd6 32. Qd2 Qe7 33. Kg2 Qb7 34. f3 Qb6 35. f4 Qc6 36. Kf3 Qc5 37. fxe5 Qxe5 38. Qd4 Kf6 39. Qxe5+ Kxe5 40. Ke3 f5 41. exf5 Kxf5 42. h3 g5 43. Nd2 Bd5 44. Kf2 h5 45. Ke3 Bg2 46. g4+ hxg4 47. hxg4+ Kxg4 48. Kf2 Bd5 49. Nf1 Kf4 50. Ne3 Ke4 51. Ke2 Bc4+ 52. Kf2 0-1

[Event "Delft Prinsenstad op-C"]
[Site "Delft"]
[Date "2011.04.23"]
[Round "3"]
[White "Brokaar, Jaap"]
[Black "Van Eibergen Santhagens, Doo Hyong"]
[Result "0-1"]
[WhiteElo "1589"]
[BlackElo "1420"]
[PlyCount "58"]
[EventDate "2011.04.22"]
[EventType "swiss"]
[EventRounds "6"]
[EventCountry "NED"]
[SourceTitle "EXT 2013"]
[Source "ChessBase"]
[SourceDate "2012.11.22"]
[SourceVersion "1"]
[SourceVersionDate "2012.11.22"]
[SourceQuality "1"]

1. e4 e5 2. Nf3 Nc6 3. Bc4 Bc5 4. 0-0 b6 5. c3 Qf6 6. b4 Be7 7. d4 exd4 8. Nxd4 Ne5 9. Bb3 Bb7 10. Qe2 0-0-0 11. Bb2 Qg6 12. Nd2 Ng4 13. Bxf7 Qxf7 14. Qxg4 Nf6 15. Qe2 Qg6 16. Nf5 Rhe8 17. Nxe7+ Rxe7 18. f3 Qh5 19. Qf2 Rf8 20. Qd4 Qg6 21. a4 Nh5 22. b5 Nf4 23. Rf2 Nh3+ 24. Kh1 Nxf2+ 25. Qxf2 Re5 26. c4 Rh5 27. Qd4 Rf6 28. Nb3 Qg3 29. Qg1 Rxh2+ 0-1